La réponse est un jour de la semaine. - Statistiques

Statistiques générales
  • Ce quiz a été pris 1 026 fois
  • Le résultat moyen est 15 sur 25
Statistiques - réponses
Hint Réponse % Correct
Il porte chance ou malheur quand il tombe un 13 du mois. Vendredi
84%
On se déguise quand il est "gras" Mardi
83%
"Saturday night fever" peut être traduit par "La fièvre du ___ soir" Samedi
81%
Série de films d'horreurs intitulées "___ 13" Vendredi
80%
Ce jour là, "Tout est permis" avec Arthur Vendredi
77%
Celui du lendemain de Pâques est férié. Lundi
74%
"Sábado" en Espagnol Samedi
74%
En France, on dit que c'est le jour des enfants. Mercredi
71%
Un conducteur du ___ désigne un mauvais conducteur. Dimanche
69%
Série sortie en 2022 avec Jenna Ortega Mercredi
69%
On le passe "au soleil" d'après une chanson de Claude François Lundi
66%
"Thursday" en Anglais. Jeudi
65%
"Garfield" déteste ce jour. Lundi
65%
Jour de sortie des Films au cinéma en France. Mercredi
65%
Les habits du ___ désignent des vêtements soignés. Dimanche
63%
Émission télévisé de Michel Drucker nommé "Vivement ___" Dimanche
61%
Nom du Compagnon de Robinson Crusoé Vendredi
55%
On fête toujours "l’Ascension" ce jour. Jeudi
54%
Film avec Audrey Tautou, "Un long ___ de fiançailles" Dimanche
49%
"Shabbat" commence le soir de ce jour pour les juifs. Vendredi
43%
"Le ___ noir " a marqué le début de la grande dépression au USA. Jeudi
34%
Jour ou Jésus serait ressuscité d'après la Bible. Dimanche
30%
Cabrel chante : "Un ___ soir sur la terre" Samedi
30%
Jour de l'attentat du 11 septembre 2001. Mardi
25%
"Donnerstag" en Allemand. Jeudi
22%
Aucun quiz correspondant
Distribution des résultats
% des personnes avec chaque résultat
Percentile par nombre de réponses
Votre historique - résultats
Vous n’avez pas pris ce quiz